The outline of history : (Record no. 2109)

MARC details
000 -LEADER
fixed length control field 00717nam a22002537a 4500
003 - CONTROL NUMBER IDENTIFIER
control field BD-DhJNU
005 - DATE AND TIME OF LATEST TRANSACTION
control field 20250914093934.0
008 - FIXED-LENGTH DATA ELEMENTS--GENERAL INFORMATION
fixed length control field 250914b |||||||| |||| 00| 0 eng d
020 ## - INTERNATIONAL STANDARD BOOK NUMBER
International Standard Book Number 8175361298
020 ## - INTERNATIONAL STANDARD BOOK NUMBER
International Standard Book Number 817536131X
040 ## - CATALOGING SOURCE
Original cataloging agency BD-DhJNU
Language of cataloging ENG
Transcribing agency BD-DhJNU
Modifying agency BD-DhJNU
082 ## - DEWEY DECIMAL CLASSIFICATION NUMBER
Edition number 23
Classification number 909
245 ## - TITLE STATEMENT
Title The outline of history :
Remainder of title being a plain history of life and mankind /
Statement of responsibility, etc. HG Wells... [et all.]
260 ## - PUBLICATION, DISTRIBUTION, ETC.
Place of publication, distribution, etc. Delhi :
Name of publisher, distributor, etc. Low Price Publications,
Date of publication, distribution, etc. 1998.
300 ## - PHYSICAL DESCRIPTION
Extent 384 p. :
Other physical details ill. ;
Dimensions 25 cm.
490 ## - SERIES STATEMENT
Volume/sequential designation volume 1
650 ## - SUBJECT ADDED ENTRY--TOPICAL TERM
Topical term or geographic name entry element History
700 ## - ADDED ENTRY--PERSONAL NAME
Personal name Wells, HG
700 ## - ADDED ENTRY--PERSONAL NAME
Personal name Barker, Ernest
700 ## - ADDED ENTRY--PERSONAL NAME
Personal name Johnston, HH
700 ## - ADDED ENTRY--PERSONAL NAME
Personal name Lankester, E Ray
700 ## - ADDED ENTRY--PERSONAL NAME
Personal name Murray, Gilbert
942 ## - ADDED ENTRY ELEMENTS (KOHA)
Source of classification or shelving scheme Dewey Decimal Classification
Koha item type Books
Suppress in OPAC No
Holdings
Withdrawn status Lost status Source of classification or shelving scheme Damaged status Not for loan Collection Home library Current library Shelving location Date acquired Source of acquisition Total checkouts Full call number Barcode Date last seen Copy number Price effective from Koha item type
    Dewey Decimal Classification     Non-fiction Jagannath University Central Library Jagannath University Central Library General stacks 09/14/2025 Purchased   909 WEO JNUCL19015 09/14/2025 1 09/14/2025 Books